Профессору В. А. Трясучеву - 65 лет; Известия Томского политехнического университета [Известия ТПУ]; Т. 320, № 2 : Математика и механика. Физика

Bibliografske podrobnosti
Parent link:Известия Томского политехнического университета [Известия ТПУ]/ Томский политехнический университет (ТПУ).— , 2000-
Т. 320, № 2 : Математика и механика. Физика.— 2012.— [С. 148-149]
Izvleček:Заглавие с титульного листа
Электронная версия печатной публикации
9 февраля 2012 г. исполнилось 65 лет доктору физико-математических наук, профессору Томского политехнического университета Владимиру Андреевичу Трясучёву.
Jezik:ruščina
Izdano: 2012
Serija:Наши юбиляры
Teme:
Online dostop:http://earchive.tpu.ru/bitstream/11683/4145/1/bulletin_tpu-2012-320-2-33.pdf
Format: MixedMaterials Elektronski Book Chapter
KOHA link:https://koha.lib.tpu.ru/cgi-bin/koha/opac-detail.pl?biblionumber=214133

MARC

LEADER 00000nla2a2200000 4500
001 214133
005 20231031193448.0
035 |a (RuTPU)RU\TPU\book\233985 
035 |a RU\TPU\book\233984 
090 |a 214133 
100 |a 20120419d2012 k y0rusy50 ca 
101 0 |a rus 
102 |a RU 
135 |a drnn ---uucaa 
181 0 |a i  
182 0 |a b 
200 1 |a Профессору В. А. Трясучеву - 65 лет  |b Электронный ресурс 
203 |a Текст  |c электронный 
215 |a 1 файл (113 Кб) 
225 1 |a Наши юбиляры 
230 |a Электронные текстовые данные (1 файл : 113 Кб) 
300 |a Заглавие с титульного листа 
300 |a Электронная версия печатной публикации 
330 |a 9 февраля 2012 г. исполнилось 65 лет доктору физико-математических наук, профессору Томского политехнического университета Владимиру Андреевичу Трясучёву. 
337 |a Adobe Reader 
461 1 |0 (RuTPU)RU\TPU\book\176237  |t Известия Томского политехнического университета [Известия ТПУ]  |f Томский политехнический университет (ТПУ)  |d 2000- 
463 1 |0 (RuTPU)RU\TPU\book\233487  |x 1684-8519  |t Т. 320, № 2 : Математика и механика. Физика  |v [С. 148-149]  |d 2012  |p 161 с. 
600 1 |a Трясучев  |b В. А.  |c российский физик  |c профессор Томского политехнического университета, доктор физико-математических наук  |f 1947-  |g Владимир Андреевич  |y Томск  |2 stltpush  |3 (RuTPU)RU\TPU\pers\22015 
610 1 |a труды учёных ТПУ 
610 1 |a электронный ресурс 
801 1 |a RU  |b 63413507  |c 20090623  |g PSBO 
801 2 |a RU  |b 63413507  |c 20190516  |g PSBO 
856 4 |u http://earchive.tpu.ru/bitstream/11683/4145/1/bulletin_tpu-2012-320-2-33.pdf 
942 |c CF